Missing Word: Double Letter TV Shows Quiz Stats

 Plays Quiz Updated Apr 12, 2019

Score 0/16 Timer 04:00
4 Plays Today
TV Show Missing Word % Correct
Malcolm in the ___Middle
97.4%
___ & GraceWill
94.9%
___ DevelopmentArrested
94.4%
Silicon ___Valley
93.9%
It's Always ___ in PhiladelphiaSunny
93.8%
Ugly ___Betty
92.2%
___ McBealAlly
91.8%
___ Call SaulBetter
82%
TV Show Missing Word % Correct
The Carol ___ ShowBurnett
81.5%
___ Nine-NineBrooklyn
78.9%
Unbreakable ___ SchmidtKimmy
74%
Barney ___Miller
62.2%
The Jack ___ ProgramBenny
50.4%
___ EveKilling
42.7%
The Days and Nights of __ DoddMolly
32.3%
Tracey ___ State of the UnionUllman's
22.9%

Today's Daily Dose

Missing Word
Sherlocks

Word Ladder
King of the Hill

Quick Pick
Songs in Pink

Get the Picture
NBA Teammates

You're not logged in!

Compare scores with friends on all Sporcle quizzes.
OR
Log In

Sporcle TV

Today on Sporcle TV


Watch our educational content, quiz creation guides, and fun videos on Sporcle TV.

Show Comments

Extras

Top Quizzes Today


Score Distribution

Your Account Isn't Verified!

In order to create a playlist on Sporcle, you need to verify the email address you used during registration. Go to your Sporcle Settings to finish the process.

Report this User

Report this user for behavior that violates our Community Guidelines.

Details: